KOHA-Header-6

Core Jave Volume 1 Fundamentals (Record no. 1952)

000 -LEADER
fixed length control field 00321nam a2200133Ia 4500
008 - FIXED-LENGTH DATA ELEMENTS--GENERAL INFORMATION
fixed length control field 190723s9999 xx 000 0 und d
020 ## - INTERNATIONAL STANDARD BOOK NUMBER
International Standard Book Number 978-93-325-8271-2
100 ## - MAIN ENTRY--PERSONAL NAME
Personal name S.Horstmann
245 #0 - TITLE STATEMENT
Title Core Jave Volume 1 Fundamentals
250 ## - EDITION STATEMENT
Edition statement 10th
260 ## - PUBLICATION, DISTRIBUTION, ETC. (IMPRINT)
Place of publication, distribution, etc India
Name of publisher, distributor, etc Pearson
Date of publication, distribution, etc 2018
300 ## - PHYSICAL DESCRIPTION
Extent 1007:p
942 ## - ADDED ENTRY ELEMENTS (KOHA)
Koha item type Books
Holdings
Withdrawn status Lost status Damaged status Not for loan Collection code Permanent Location Current Location Shelving location Date acquired Total Checkouts Full call number Barcode Date last seen Date checked out Price effective from Koha item type
      Not For Loan Computer Languages Computing and Engineering Library Block-D Computing and Engineering Library Block-D Shelf No.A33 2019-07-23 1 5.133 8575 2019-11-19 2019-11-09 2019-07-23 Computer Languages

Powered by Koha